000 00485nam a22001457a 4500
999 _c16407
_d16407
008 170424b xxu||||| |||| 00| 0 eng d
020 _a0199829460
040 _aKABU
_cKABU
050 _aH62
_b.W65 2013 C.1
100 _aWolf-Branigin, Michael
245 _aUsing complexity theory for research and program evaluation
_cby Michael Wolf-Branigin
260 _aUSA
_bOxford university press
_c2013
300 _axii,196 p.
942 _2lcc
_cBK
_hH62 .W65 2013 C.1